Normal view
MARC view
- Frequency spectra
Entry Topical Term
001 - CONTROL NUMBER
- control field: 97651
003 - CONTROL NUMBER IDENTIFIER
- control field: NUST
005 - DATE AND TIME OF LATEST TRANSACTION
- control field: 20220817111647.0
008 - FIXED-LENGTH DATA ELEMENTS
- fixed length control field: 220817|| aca||aabn | a|a d
040 ## - CATALOGING SOURCE
- Original cataloging agency: NUST
- Transcribing agency: NUST
150 ## - HEADING--TOPICAL TERM
- Topical term or geographic name entry element: Frequency spectra
670 ## - SOURCE DATA FOUND
- Source citation: Work cat.: (NUST)175733: Applications in time-frequency signal processing /, c2003.
